Pets 2 - Statistics

General Stats
  • This quiz has been taken 8 times
  • The average score is 9 of 12
Answer Stats
Picture Answer % Correct
Mouse
100%
Clownfish
88%
Hedgehog
88%
Canary
75%
Duck
75%
Frog
75%
Gecko
75%
Horse
75%
Iguana
75%
Snake
75%
Turtle
75%
Gerbil
50%
No matching quizzes found
Score Distribution
Percent of People with Each Score
Percentile by Number Answered
Your Score History
You have not taken this quiz